000 00844nam a22002297a 4500
999 _c64610
_d64610
005 20240530110740.0
008 180924s2013 ua hk g 000 0 ara d
017 _a2013/16605
_bمصر. دار الكتب
020 _a9789779009124
040 _aEG-CaGPL
_cEG-CaGPL
082 0 4 _221
_a403.1 /
_bأ م
100 0 _aاحمد فؤاد باشا
245 1 0 _aمعجم المصطلحات العلمية فى التراث الاسلامى /
_cاحمد فؤاد باشا
250 _aط.1
260 _aالقاهرة :
_bجامعة مصر للعلوم والتكنولوجيا،
_c2013.
300 _a245 ص. :
_bايض ؛
_c32 سم.
650 0 7 _2qrmak
_aالتراث الاسلامى
650 0 7 _2qrmak
_aالتراث الاسلامى
_vمعاجم
651 _2qrmak
942 _2ddc
_cBK